| 000 | 00610nam a2200193 i 4500 | ||
|---|---|---|---|
| 001 | 36852 | ||
| 003 | ES-MaACL | ||
| 005 | 20230911063134.0 | ||
| 007 | t| | ||
| 008 | 030219s1929 sp ||||1| spa d | ||
| 100 | 1 |
_aBullón y Fernández, Eloy, _cMarqués de Selva Alegre, _d1879-1957 _932523 |
|
| 245 | 1 | 0 |
_aMiguel Servet y la geografía del Renacimiento / _cpor Eloy Bullón Fernández. |
| 250 | _a2ª ed. | ||
| 260 |
_aMadrid : _b[s.n., _c1929] ( _fRamona Velasco) |
||
| 300 |
_a204 p. ; _c19 cm. |
||
| 600 | 0 | 4 |
_aServet, Miguel. _9105862 |
| 852 |
_aES-MaACL _jB-12568 |
||
| 999 |
_c36852 _d36852 |
||